| 000 | 00464cam a2200157 4500 | ||
|---|---|---|---|
| 020 | _a0471689181 | ||
| 040 | _cDLC | ||
| 082 | 0 | 0 | _a574 WIL 1969 A080 Or. |
| 100 | 1 | _aPielou, E. C., | |
| 245 | 1 | 3 | _aAn introduction to mathematical ecology |
| 260 |
_aNew York, _bWiley-Interscience _c[1969] |
||
| 300 |
_aviii, 286 p. _billus. _c23 cm. |
||
| 500 | _aBeginning with the 2d ed., c1976, published under title: Mathematical ecology. | ||
| 650 | 0 | _aEcology | |
| 942 | _cEK | ||
| 999 |
_c15668 _d15668 |
||